Lekárska ročenka ...

Podrobná bibliografia
Médium: Časopis
Jazyk:slovenčina
Fyzický popis:zv.
Vydavateľské údaje: Bratislava Lekárska komora [1944]
Predmet:

MARC

LEADER 00000cas a2200000 a 4500
001 vtls001360788
003 SK-MaSNL
005 20260228155805.0
008 990420u19441944xo ar|p 0 0b0slo
035 |a SNK000314354 
040 |a SNK  |b slo  |c SNK  |e AACR2 
041 0 |a slo 
044 |a xo  |c SK 
072 7 |a 61  |x Lekárske vedy. Medicína  |2 konspekt 
080 |a 61  |2 2011 
080 |a 050  |2 2001 
080 |a (058)  |2 2011 
245 0 0 |a Lekárska ročenka ... 
260 |a Bratislava  |b Lekárska komora  |c [1944] 
300 |a zv. 
310 |a 1x ročne 
362 0 |a [1944] 
650 0 7 |a medicína  |2 SNKPH  |9 899 
655 7 |a ročenky  |2 SNKPH  |9 57146 
850 |a Slovenská národná knižnica v Martine 
910 |a snk 
999 |c 585  |d 585 
952 |0 0  |1 0  |4 0  |7 0  |a SNK  |b SNK  |d 1999-04-20  |l 0  |o snkČSD 1145/1944  |p 17A0190543  |r 2005-01-02 00:00:00  |w 2026-02-21  |y PREZ